Research methods in accounting / (Record no. 124278)
[ view plain ]
| 000 -LEADER | |
|---|---|
| fixed length control field | 00627nam a22002175i 4500 |
| 001 - CONTROL NUMBER | |
| control field | 20909329 |
| 005 - DATE AND TIME OF LATEST TRANSACTION | |
| control field | 20211011092155.0 |
| 008 - FIXED-LENGTH DATA ELEMENTS--GENERAL INFORMATION | |
| fixed length control field | 190328s2019 cau 000 0 eng |
| 020 ## - INTERNATIONAL STANDARD BOOK NUMBER | |
| International Standard Book Number | 9781526490674 (pbk. : alk. paper) |
| 020 ## - INTERNATIONAL STANDARD BOOK NUMBER | |
| International Standard Book Number | 9781526490681 (hardcover : alk. paper) |
| 040 ## - CATALOGING SOURCE | |
| Transcribing agency | PK-LaUMT |
| 082 ## - DEWEY DECIMAL CLASSIFICATION NUMBER | |
| Classification number | 657.072 |
| Item number | SMI-R |
| 100 1# - MAIN ENTRY--PERSONAL NAME | |
| Personal name | Smith, Malcolm |
| 245 10 - TITLE STATEMENT | |
| Title | Research methods in accounting / |
| Statement of responsibility, etc | by Malcolm Smith |
| 250 ## - EDITION STATEMENT | |
| Edition statement | 5th ed. |
| 260 ## - PUBLICATION, DISTRIBUTION, ETC. (IMPRINT) | |
| Place of publication, distribution, etc | Los Angeles : |
| Name of publisher, distributor, etc | Sage Publications, |
| Date of publication, distribution, etc | 2020 |
| 300 ## - PHYSICAL DESCRIPTION | |
| Extent | 332 p. |
| 650 ## - SUBJECT ADDED ENTRY--TOPICAL TERM | |
| Topical term or geographic name as entry element | Accounting - Research |
| 650 ## - SUBJECT ADDED ENTRY--TOPICAL TERM | |
| Topical term or geographic name as entry element | Accounting-Research-Methodology |
| 942 ## - ADDED ENTRY ELEMENTS (KOHA) | |
| Koha item type | Books |
| Withdrawn status | Lost status | Damaged status | Home library | Current library | Date acquired | Full call number | Barcode | Date last seen | Price effective from | Koha item type |
|---|---|---|---|---|---|---|---|---|---|---|
| UMT Main Campus | UMT Main Campus | 2021-10-11 | 657.072 SMI-R | 138899 | 2021-10-11 | 2021-10-11 | Books |
